| 000 | 00860nam a2200229 i 4500 | ||
|---|---|---|---|
| 001 | 56530 | ||
| 003 | ES-MaACL | ||
| 005 | 20250701212928.0 | ||
| 007 | t| | ||
| 008 | 031009s1945 sp ||||1| spa d | ||
| 100 | 1 |
_aDilthey, Wilhelm. _944818 |
|
| 245 | 1 | 0 |
_aPoética _b: ; La imaginación del poeta ; Las tres épocas de la estética modernas y su problema actual / _cWilhelm Dilthey ; [tradución de Elsa Tabernig]. |
| 260 |
_aBuenos Aires : _bLosada, _c1945 ( _fBartolomé U. Chiesino) |
||
| 300 |
_aXIX, 232 p. : _bretr. aut. ; _c21 cm. |
||
| 490 | 1 | _aBiblioteca filosófica | |
| 700 | 1 |
_aTaberning, Elsa. _9109019 |
|
| 740 | 3 | _aLa imaginación del poeta. | |
| 740 | 4 | _aLas tres épocas de la estética modernas y su problema actual. | |
| 830 | 0 | 0 |
_aBiblioteca filosófica _9179275 |
| 852 |
_aES-MaACL _jC-3942 _bR.23477 |
||
| 999 |
_c56530 _d56530 |
||